Category Elimination - London Underground Stations - Statistics

General Stats
  • This quiz has been taken 93 times
  • The average score is 9 of 16
Answer Stats
Group # Category % Correct
Green 198 on a deep line
99%
Orange 101 with a one-word name
87%
Orange 13 ... that is on at least 3 lines
86%
Orange 6 ... with more than 10M passengers in 2021
82%
Blue 117 built in 1905 or before
80%
Green 28 ... with a connection to the London overground
78%
Purple 48 with a cardinal direction in its name
72%
Green 23 ... that has more than 1 word in its name
59%
Orange 1 ... and located south of the Thames Waterloo
54%
Blue 36 ... not serviced by any subsurface line
44%
Green 1 ... and located in fare zone 1 Liverpool Street
42%
Purple 11 ... with less than 1M passengers in 2021
41%
Purple 2 ... that is the last stop on its tube line
34%
Purple 1 ... and offers national rail interchange West Ruislip
30%
Blue 12 ... not in fare zone 1 or fare zone 2
5%
Blue 1 ... and not on the piccadilly line Neasden
1%
No matching quizzes found
Score Distribution
Percent of People with Each Score
Percentile by Number Answered
Your Score History
You have not taken this quiz